AFL Brownlow Medallists - Statistics

General Stats
  • This quiz has been taken 6,982 times
    867 since last reset
  • The average score is 35 of 113
Answer Stats
Year Team Player % Correct
2024 Carlton Patrick Cripps
97%
2022 Carlton Patrick Cripps
97%
2023 Brisbane Lachie Neale
95%
2020 Brisbane Lachie Neale
95%
2019 Fremantle Nathan Fyfe
94%
2015 Fremantle Nathan Fyfe
94%
2017 Richmond Dustin Martin
93%
2025 Gold Coast Matt Rowell
93%
2021 Port Adelaide Ollie Wines
90%
2013 Gold Coast Gary Ablett Jr.
87%
2009 Geelong Gary Ablett Jr.
87%
2016 Geelong Patrick Dangerfield
86%
2018 Hawthorn Tom Mitchell
85%
2012 Hawthorn Sam Mitchell
82%
2010 Carlton Chris Judd
80%
2004 West Coast Chris Judd
80%
2012 Richmond Trent Cotchin
73%
2011 Collingwood Dane Swan
72%
2012 Essendon* Jobe Watson*
70%
2014 West Coast Matt Priddis
70%
2005 West Coast Ben Cousins
67%
2006 Sydney Adam Goodes
66%
2003 Sydney Adam Goodes
66%
2003 Collingwood Nathan Buckley
63%
2008 Western Bulldogs Adam Cooney
60%
1925 St Kilda Colin Watson
60%
2002 Brisbane Lions Simon Black
60%
2007 Geelong Jimmy Bartel
59%
1996 Brisbane Bears Michael Voss
54%
2001 Brisbane Lions Jason Akermanis
53%
1996 Essendon James Hird
48%
1998 St Kilda Robert Harvey
48%
1997 St Kilda Robert Harvey
48%
2003 Adelaide Mark Ricciuto
46%
1999 Hawthorn Shane Crawford
42%
2000 Melbourne Shane Woewodin
40%
1987 St Kilda Tony Lockett
40%
1994 Carlton Greg Williams
32%
1986 Sydney Greg Williams
32%
1993 Essendon Gavin Wanganeen
30%
1991 Melbourne Jim Stynes
29%
1990 Footscray Tony Liberatore
29%
1995 Sydney Paul Kelly
25%
1928 Melbourne Ivor Warne-Smith
23%
1926 Melbourne Ivor Warne-Smith
23%
1986 Hawthorn Robert DiPierdomenico
23%
1967 St Kilda Ross Smith
23%
1951 Geelong Bernie Smith
22%
1987 Hawthorn John Platten
21%
1988 Sydney Gerard Healy
19%
1968 South Melbourne Bob Skilton
18%
1963 South Melbourne Bob Skilton
18%
1959 South Melbourne Bob Skilton
18%
1992 Footscray Scott Wynd
18%
1989 Geelong Paul Couch
17%
1984 Melbourne Peter Moore
15%
1979 Collingwood Peter Moore
15%
1938 Essendon Dick Reynolds
14%
1937 Essendon Dick Reynolds
14%
1934 Essendon Dick Reynolds
14%
1940 South Melbourne Herbie Matthews
14%
1971 Richmond Ian Stewart
14%
1966 St Kilda Ian Stewart
14%
1965 St Kilda Ian Stewart
14%
1978 North Melbourne Malcolm Blight
14%
1927 Collingwood Syd Coventry
12%
1935 Fitzroy Haydn Bunton Sr.
11%
1932 Fitzroy Haydn Bunton Sr.
11%
1931 Fitzroy Haydn Bunton Sr.
11%
1985 Footscray Brad Hardie
10%
1981 Fitzroy Bernie Quinlan
9%
1961 Carlton John James
9%
1974 North Melbourne Keith Greig
9%
1973 North Melbourne Keith Greig
9%
1969 Fitzroy Kevin Murray
9%
1981 South Melbourne Barry Round
8%
1924 Geelong Edward Greeves Jr.
8%
1975 Footscray Gary Dempsey
8%
1980 Footscray Kelvin Templeton
8%
1983 North Melbourne Ross Glendinning
8%
1982 Melbourne Brian Wilson
7%
1929 Collingwood Albert Collier
6%
1976 Essendon Graham Moss
6%
1977 South Melbourne Graham Teasdale
6%
1930 Collingwood Harry Collier
6%
1972 Collingwood Len Thompson
6%
1965 North Melbourne Noel Teasdale
6%
1953 Essendon Bill Hutchison
5%
1952 Essendon Bill Hutchison
5%
1970 South Melbourne Peter Bedford
5%
1933 Fitzroy Wilfred "Chicken" Smallhorn
5%
1962 Geelong Alistair Lord
4%
1958 St Kilda Neil Roberts
4%
1954 Richmond Roy Wright
4%
1952 Richmond Roy Wright
4%
1959 St Kilda Verdun Howell
4%
1930 Footscray Allan Hopkins
3%
1950 Fitzroy Allan Ruthven
3%
1948 Richmond Bill Morris
3%
1949 Hawthorn Col Austen
3%
1936 Fitzroy Denis Ryan
3%
1940 Collingwood Des Fothergill
3%
1946 Melbourne Don Cordner
3%
1955 South Melbourne Fred Goldsmith
3%
1964 Carlton Gordon Collis
3%
1960 Footscray John Schultz
3%
1941 Footscray Norman Ware
3%
1956 Footscray Peter Box
3%
1949 South Melbourne Ron Clegg
3%
1930 Richmond Stan Judkins
3%
1947 Carlton Bert Deacon
2%
1957 St Kilda Brian Gleeson
2%
1939 Collingwood Marcus Whelan
2%
No matching quizzes found
Score Distribution
Percent of People with Each Score
Percentile by Number Answered
Your Score History
You have not taken this quiz since the last reset